LEADER 02398nam1 22004213i 450 001 RML0078162 005 20231121125654.0 100 $a19990902d1990 ||||0itac50 ba 101 | $aita 102 $ait 181 1$6z01$ai $bxxxe 182 1$6z01$an 200 1 $a˜Gli œanni rivoluzionari nel Lazio meridionale$e1789-1815$ePatrica 29 ottobre 1989$eatti del convegno 210 $aPatrica$cIstituto di storia e di arte del Lazio meridionale$d1990 215 $a265 p.$cill.$d24 cm. 225 | $aGiornate di storia a Patrica$v9 410 0$1001CFI0040238$12001 $aGiornate di storia a Patrica$v9 464 1$1001RML0079294$12001 $a˜Il œcomune durante il periodo napoleonico$eistituzioni francesi, stato moderno e controllo del territorio$fPaolo Buonora$1700 1$aBuonora$b, Paolo$3BVEV022797$4070 464 1$1001RML0079295$12001 $a˜Un œepisodio di brigantaggio durante il periodo dell'Impero francese$fViviana Fontana$1700 1$aFontana$b, Viviana$3RMLV039568$4070 464 1$1001RML0079296$12001 $aUomini e fatti delle rivoluzioni a Patrica$fGioacchino Giammaria$vP. 69-81$1700 1$aGiammaria$b, Gioacchino$3CFIV026153$4070 464 1$1001RML0079297$12001 $aVicende e protagonisti di Veroli durante la Giacobina Repubblica Romana$fMarcello Stirpe$1700 1$aStirpe$b, Marcello$3BVEV050648$4070 606 $aCiociaria$x1789-1815$xCongressi Patrica 1989$2FIR$3RMLC123667$9I 676 $a945.62$9Storia. Lazio$v21 676 $a945.622$9Storia. Frosinone (Prov.)$v21 801 3$aIT$bIT-01$c19990902 850 $aIT-RM0249 $aIT-RM0459 $aIT-RM0211 $aIT-RM0251 $aIT-RM1481 $aIT-FR0017 899 $aSOCIETA' ROMANA DI STORIA PATRIA$bRM0249 899 $aARCHIVIO DI STATO DI ROMA$bRM0459 899 $aFondazione Marco Besso$bRM0211 899 $aBiblioteca Della Soprintendenza Archivistica Per Il Lazio$bRM0251 899 $aBiblioteca Della Società Dalmata Di Storia Patria$bRM1481 899 $aBiblioteca umanistica Giorgio Aprea$bFR0017 912 $aRML0078162 950 1$aBiblioteca umanistica Giorgio Aprea$d 52MAG 8/1328$e 52FLS0000330965 VMN RS $fA $h20140819$i20140819 967 $n4 977 $a 11$a 12$a 14$a 24$a 43$a 52 996 $aAnni rivoluzionari nel Lazio meridionale$93617244 997 $aUNICAS